Statistiken für Alle Fussballvereine aus Berlin (Liga 1-5)

Klicken Sie hier um das Quiz zu spielen!

Allgemein

  • Dieses Quiz wurde 313 mal gespielt
  • Das Durchschnittsergebnis liegt bei 7 aus 16

Antwortstatistiken

HintAntwort% Korrekt
BLUnion Berlin
100%
BLHertha BSC
97%
RLTeBe Berlin
72%
RLViktoria Berlin
68%
OLTasmania Berlin
64%
RLBFC Dynamo
58%
RLBerliner AK
55%
RLVSG Altglienicke
39%
RLSV Lichtenberg
33%
OLHertha Zehlendorf
31%
RLSV Babelsberg
24%
OLBlau-Weiß Berlin
17%
OLSC Staaken
13%
OLSCF Stern
10%
OLCFC Hertha
8%
OLEintracht Teltow
2%

Verteilung der Resultate

Perzentil nach korrekt beantworteten Fragen

Anzahl Personen mit jedem Resultat

Ihre Resultats-Entwicklung

Sie haben dieses Quiz noch nicht gespielt